Normal view
MARC view
Entry Personal Name
001 - CONTROL NUMBER
- control field: 160570
003 - CONTROL NUMBER IDENTIFIER
- control field: OSt
005 - DATE AND TIME OF LATEST TRANSACTION
- control field: 20220923211453.0
008 - FIXED-LENGTH DATA ELEMENTS
- fixed length control field: 220923|| aca||aabn | a|a d
040 ## - CATALOGING SOURCE
- Original cataloging agency: OSt
- Transcribing agency: OSt
100 ## - HEADING--PERSONAL NAME
- Personal name: शर्मा, पाण्डेय बेचन, 'उग्र'; पाण्डेय, रत्नाकर, संपा
670 ## - SOURCE DATA FOUND
- Source citation: Work cat.: (OSt)299866: शर्मा, पाण्डेय बेचन, 'उग्र'; पाण्डेय, रत्नाकर, संपा., सब्ज़बाग़, 2014
